Statistics for Lily Allen Discography

Click here to take the quiz!

General Stats

  • This quiz has been taken 41 times
  • The average score is 23 of 57

Answer Stats

AlbumSong% Correct
Alright, StillSmile
97%
Alright, StillLDN
87%
It's Not Me, It's YouNot Fair
87%
It's Not Me, It's YouThe Fear
81%
It's Not Me, It's You22
77%
Alright, StillAlfie
77%
It's Not Me, It's YouChinese
68%
It's Not Me, It's YouFuck You
65%
SheezusHard out Here
65%
SheezusAir Balloon
61%
Alright, StillKnock 'Em Out
61%
Alright, StillNot Big
58%
SheezusSheezus
58%
It's Not Me, It's YouWho'd Have Known
58%
It's Not Me, It's YouEveryone's at It
55%
Alright, StillLittlest Things
55%
It's Not Me, It's YouHim
52%
It's Not Me, It's YouBack to the Start
48%
Alright, StillFriday Night
48%
SheezusAs Long as I Got You
45%
SheezusSomewhere Only We Know
45%
SheezusURL Badman
45%
It's Not Me, It's YouHe Wasn't There
42%
Alright, StillNan You're a Window Shopper
42%
Alright, StillShame for You
42%
No ShameThree
39%
No ShameApples
35%
No ShameCome on Then
35%
Alright, StillEverything's Just Wonderful
35%
SheezusL8 CMMR
35%
Alright, StillTake What You Take
35%
No ShameTrigger Bang
35%
No ShameFamily Man
32%
SheezusOur Time
32%
No ShameCake
29%
It's Not Me, It's YouI Could Say
29%
It's Not Me, It's YouNever Gonna Happen
29%
No ShameHigher
26%
SheezusLife for Me
26%
No ShameLost My Mind
26%
SheezusSilver Spoon
26%
SheezusClose Your Eyes
23%
Alright, StillFriend of Mine
23%
SheezusInsincerely Yours
23%
No ShameWhat You Waiting For?
23%
No ShameMy One
19%
No ShamePushing up Daises
19%
No ShameWaste
19%
Sheezus (Deluxe Edition)Wind Your Neck In
19%
No ShameEverything to Feel Something
16%
SheezusTake My Place
16%
No ShameYour Choice
16%
Sheezus (Deluxe Edition)Holding on to Nothing
13%
SheezusInterlude
13%
Sheezus (Deluxe Edition)Miserable Without Your Love
13%
Sheezus (Deluxe Edition)Who Do You Love?
13%
Alright, StillSmile Version Revisited
3%

Score Distribution

Percentile by Number Answered

Percent of People with Each Score

Your Score History

You have not taken this quiz